000 00353nam a2200145Ia 4500
008 230917s9999||||xx |||||||||||||| ||und||
040 _e40989
_aMAIN
041 _aEnglish
082 _a813.09 M831H:W
100 _aHoward, Leon
245 0 _aWright Morris
260 _aMinnesapolis
_bUniversity of Minnesota
_c1968
300 _a47 p.
942 _cBK
999 _c155466
_d155466